| 000 | 02051nam a22003497i 4500 | ||
|---|---|---|---|
| 003 | DO-SdBNP | ||
| 005 | 20230628092110.0 | ||
| 007 | ta | ||
| 008 | 211125b2019 a|||e |||| 001 0 spa d | ||
| 040 |
_aDO-SdBNP _bspa _cBNPHU _erda |
||
| 082 | 4 |
_a343.0946 _bI597m _222 |
|
| 110 | 1 | 0 |
_aInstituto Universitario de Tráfico y Seguridad Vial de la Universidad de Valencia _978744 |
| 245 | 1 | 0 |
_aManual de conducción y seguridad vial : _blicencia categoría 03 y 04, conocimientos específicos para la conducción profesional de vehículos pesados |
| 264 |
_a[Santo Domingo] : _bINTRANT, _c2019. |
||
| 300 |
_a83 paginas : _bilustraciones. ; _c21 cm |
||
| 336 |
_2rdacontent _atexto _btxt |
||
| 337 |
_2rdamedia _asin mediación _bn |
||
| 338 |
_2rdacarrier _avolumen _bnc |
||
| 505 |
_aParte 1. Requisitos para la conducción profesional de vehículos pesados. _t1.1. Requisitos previos -- _t1.2. Vehículo que autoriza a conducir la categoría 03 y 04 de licencias para la conducción -- _t1.3. La licencia de conducir de categoría 03 y 04 -- |
||
| 505 |
_aParte 2. El vehículo. _t2.1. Estructura del vehículo -- _t2.2 Competentes del vehículo -- _t2.3. Elementos de seguridad -- |
||
| 505 |
_aParte 3. La conducción. _t3.1. Manejo básico del vehículo -- _t3.2. Situación especiales -- _t3.3 Técnicas de conducción -- |
||
| 505 |
_aParte 4. Reglas de conducción específicas : infracciónes y sanciones. _t4.1. Alcoholemia -- _t4.2. Velocidad -- _t4.3. Distancia de seguimiento -- _t4.5. Giros -- _t4.6.Circulación -- _t4.7. Especificaciones del transporte de pasajeros y carga -- |
||
| 590 | _aInventariado, 2021 / SA | ||
| 650 | 4 |
_aSeguridad del tránsito _vManuales _zRepública Dominicana. _980739 |
|
| 650 | 4 |
_aConducción _xVehículos pesados _980756 |
|
| 650 | 4 |
_aSeguridad vial _xEnseñanza. _980740 |
|
| 650 | 4 |
_aConducción de automóviles _xManuales _935961 |
|
| 650 | 4 |
_aReglamentos de tránsito _zRepública Dominicana _977295 |
|
| 700 | 1 |
_aVelarte, Jose Luis _eColaborador _980755 |
|
| 910 | _aSaquino | ||
| 942 |
_2ddc _cLBS1 |
||
| 999 |
_c51042 _d51042 |
||